The house of Morgan : (Record no. 127051)

MARC details
000 -LEADER
campo de control de longitud fija 01444nam a22002297a 4500
003 - IDENTIFICADOR DE NÚMERO DE CONTROL
campo de control BJBSDDR
005 - FECHA Y HORA DE LA ÚLTIMA TRANSACCIÓN
campo de control 20260511175919.0
006 - CÓDIGOS DE INFORMACIÓN DE LONGITUD FIJA--CARACTERÍSTICAS DEL MATERIAL ADICIONAL
campo de control de longitud fija a|||||r|||| 00| 0
007 - CAMPO FIJO DE DESCRIPCIÓN FÍSICA--INFORMACIÓN GENERAL
campo de control de longitud fija ta
008 - DATOS DE LONGITUD FIJA--INFORMACIÓN GENERAL
campo de control de longitud fija 260511s20011990nyu|||||r|||| 00| 0 eng d
020 ## - NÚMERO INTERNACIONAL ESTÁNDAR DEL LIBRO
Número Internacional Estándar del Libro 9780802144652
040 ## - FUENTE DE CATALOGACIÓN
Lengua de catalogación spa
Centro/agencia transcriptor BJBSDDR
041 ## - CÓDIGO DE IDIOMA
Código de lengua del texto/banda sonora o título independiente eng
050 ## - SIGNATURA TOPOGRÁFICA DE LA BIBLIOTECA DEL CONGRESO
Número de ítem C521h 2001
100 1# - ENTRADA PRINCIPAL--NOMBRE DE PERSONA
Nombre de persona Chernow, Ron,
Forma completa/desarrollada del nombre (Ronald),
Fechas asociadas al nombre 1949-
9 (RLIN) 6882
245 14 - MENCIÓN DEL TÍTULO
Título The house of Morgan :
Resto del título an American banking dynasty and the rise of modern finance /
Mención de responsabilidad, etc. Ron Chernow.
260 ## - PUBLICACIÓN, DISTRIBUCIÓN, ETC.
Lugar de publicación, distribución, etc. New York :
Nombre del editor, distribuidor, etc. Grove Press,
Fecha de publicación, distribución, etc. 2001
300 ## - DESCRIPCIÓN FÍSICA
Extensión xvii, 812 pages :
Otras características físicas illustrations ;
Dimensiones 23 cm
520 ## - RESUMEN, ETC.
Sumario, etc. Tells the story of four generations of Morgans and the powerful, secretive firms they spawned that would transform the modern financial world. Tracing the trajectory of J.P. Morgan's empire from its obscure beginnings in Victorian London to the financial crisis of 1987, Chernow paints a portrait of the family's private saga and the rarefied world of the American and British elite in which they moved, including Charles Lindbergh, Henry Ford, Franklin Roosevelt, Nancy Astor, and Winston Churchill. An account of a remarkable institution and the men who ran it, this book provides a look at the real power -- the money -- behind the historical events, the eminent statesmen, and the industrial empires that have transformed the world in the last century and a half. --Publisher description.
942 ## - ELEMENTOS DE ENTRADA SECUNDARIOS (KOHA)
Fuente del sistema de clasificación o colocación Clasificación de Library of Congress
Suprimir en OPAC No
Tipo de ítem Koha Libro
946 ## - PROCESAMIENTO DE INFORMACIÓN LOCAL (OCLC)
Iniciales del agente catalogador llh
Holdings
Estatus retirado Estado de pérdida Fuente del sistema de clasificación o colocación Estado de daño No para préstamo Colección Biblioteca de origen Biblioteca actual Ubicación en estantería Fecha de adquisición Signatura topográfica completa Código de barras Visto por última vez Copia número Tipo de ítem Koha
    Clasificación de Library of Congress     Automatización y Procesos Técnicos Biblioteca Juan Bosch Biblioteca Juan Bosch Automatización y Procesos Técnicos (1er. Piso) 11/05/2026 C521h 2001 00000200082 11/05/2026 1 Libro